000 00709 a2200193 4500
003 NUST
005 20230125153724.0
010 _a35000441
040 _cNust
082 _a823,THO
100 _aThorne, Anthony.
_9107666
245 _aDelay in the sun /
_cAnthony Thorne
260 _aN.Y., Doubleday, Doran company, inc
_bGarden City
_cc1934
300 _a6 p. l., 3-301 p
_b illus
_c21 cm
505 _aHalt For Refreshment (Page-7),The Beginning Of A Sentence (Page-30), Semicolon(Page-58),The End Of The Sentence (Page-87), Discordant Echo (Page-140),The End Is Always A Beginning (Page-165).
600 _aThorne, Anthony.
_9107666
650 _aDelay in the sun
_9107667
942 _2ddc
_cBK
_k823,THO
999 _c185951
_d185951